00666 2200217 4500001002100000005001700021008004100038020002200079035002900101090001600130245004500146250001000191260002900201300001900230650002100249700004200270990006400312990002400376990002400400990002400424INLIS00000000002526420151223110454.0  a978-979-176-794-1 a##a0010-121500000000760 a741.5 Tim p aPuting Beliung (Seri Komik Bencana Alam) aCet 1 aYogjakartabPostmoc2008 a20 hlm ; 21 cm aCerita Bergambar aTim Penyususn Seri Komik Bencana Alam a36496/Pusdacil/2015,36497/Pusdacil/2015,36498/Pusdacil/2015 a36496/Pusdacil/2015 a36497/Pusdacil/2015 a36498/Pusdacil/2015